000 01266cam a2200421 4500
001 4749369
003 DO-SdBNP
005 20221117103253.0
008 100512s1992 sp | |||| 001 0 spa
015 _a
017 _a
_b
020 _a8445071408
035 _a
040 _aBPMSU
_bspa
_cBPMSU
_e
080 _a
080 _a
082 _a823.91
_bT649s 1992
_222
100 1 _4Tolkien, J. R. R.
_d1892-1973.
_q(John Ronald Reuel),
245 1 3 _aEl señor de los anillos /
_cJ.R.R. Tolkien
_h
250 _a
260 _aBarcelona :
_bMinotaur,
_c1992
300 _a3v. :
_c23 cm
500 _a La biblioteca posee v.1 y v.2
505 _gv. I :
_tLa comunidad del anillo.
_gv. 2. :
_tLas dos torres --
_g v. 3.
_t El retorno del rey.
534 _aTítulo original :
_tThe Lord of the Rings: The Fellowship of the Ring
590 _6Inventariado, 2022/VM
600 1 7 _aTolkien, J. R. R.
_d1892-1973
_tThe lord of the rings
_2
650 4 _aNovela inglesa.
_x
_2
650 4 _aNovela de aventuras
650 4 _aNovela fantástica.
700 1 _a
_d
700 1 _a
_d
740 3 2 _aLa comunidad del anillo.
740 3 2 _aLas dos torres
740 4 2 _aEl retorno del rey.
910 _aVMateo V. /Validado
942 _2ddc
_cBK
999 _c9317
_d9317